| 000 | 00601nam a2200205Ia 4500 | ||
|---|---|---|---|
| 003 | OSt | ||
| 005 | 20230413101633.0 | ||
| 008 | 210423s2009 xx 000 0 und d | ||
| 020 | _a9788126912032 | ||
| 040 | _cAL | ||
| 041 | _aeng | ||
| 082 |
_a820.9358 _223 _bSINS |
||
| 100 |
_aSINHA (Sunita). _987604 |
||
| 245 | _aNew urges in postcolonical literature widening horizons. | ||
| 260 |
_aNew Delhi _bAtlantic Publishers and Distributors _c2009 |
||
| 300 |
_axviii,292 _bHB |
||
| 365 |
_b595 _cINR |
||
| 906 | _ahorizons. ; literature ; New ; postcolonical ; urges ; widening | ||
| 942 |
_2ddc _cBK |
||
| 999 |
_c157362 _d157362 |
||